Municipalities of Trempealeau County, Wisconsin - Statistics

General Stats
  • This quiz has been taken 30 times
  • The average score is 12 of 27
Answers on the Map
Answers color-coded by a green-red scale on the quiz's map according to % correct below.
 
Answer Stats
Answer % Correct
Town of Lincoln
100%
Town of Trempealeau
100%
Village of Trempealeau
100%
Census Designated Place of Dodge
67%
City of Whitehall
67%
Town of Dodge
67%
Town of Unity
67%
City of Arcadia
33%
City of Blair
33%
City of Galesville
33%
City of Independence
33%
City of Osseo
33%
Town of Albion
33%
Town of Arcadia
33%
Town of Burnside
33%
Town of Caledonia
33%
Town of Chimney Rock
33%
Town of Ettrick
33%
Town of Gale
33%
Town of Hale
33%
Town of Pigeon
33%
Town of Preston
33%
Town of Sumner
33%
Village of Eleva
33%
Village of Ettrick
33%
Village of Pigeon Falls
33%
Village of Strum
33%
No matching quizzes found
Score Distribution
Percent of People with Each Score
Percentile by Number Answered
Your Score History
You have not taken this quiz